| 000 | 00371nam a2200145Ia 4500 | ||
|---|---|---|---|
| 008 | 230312s9999||||xx |||||||||||||| ||und|| | ||
| 020 | _a9781285867403 | ||
| 082 |
_a005.133 _bSMI-J |
||
| 100 | _aPhillips,Joseph | ||
| 245 | 0 | _aPMP : project management professional Lab Manual | |
| 260 |
_bCengage _aUSA _c2015 |
||
| 300 | _a200 | ||
| 650 |
_aComputer _vJava |
||
| 942 | _cBK | ||
| 999 |
_c17910 _d17910 |
||